Reconnaitre le rappeur francophone avec image - Statistiques

Statistiques générales
  • Ce quiz a été pris 140 fois
  • Le résultat moyen est 56 sur 153
Statistiques - réponses
Par images Réponse % Correct
Booba
94%
PLK
91%
Niska
90%
Jul
85%
Orelsan
85%
Gambi
84%
Vald
84%
Damso
83%
Naza
83%
Ninho
82%
Naps
80%
Ademo
79%
Rim'K
79%
Maes
77%
Shay
77%
Kalash Criminel
76%
SCH
76%
Zola
76%
MHD
75%
Bigflo & Oli
74%
Kaaris
74%
Koba LaD
74%
Diam's
72%
Hamza
72%
Laylow
72%
Népal
72%
Sadek
72%
Alonzo
71%
Lacrim
71%
Sofiane
71%
Ziak
71%
Freeze Corleone
70%
Luv Resval
70%
Nekfeu
70%
SDM
67%
NOS
66%
Alpha Wann
64%
Dosseh
64%
Joey Starr
63%
La Fève
62%
ZKR
62%
Alkpote
60%
Caballero
60%
Gazo
59%
JeanJass
59%
B.B. Jacques
55%
Josman
54%
Medine
54%
HOUDI
51%
Larry
51%
Heuss L'enfoiré
49%
Dinos
48%
Kekra
48%
Luidji
48%
Zamdane
48%
So La Lune
47%
Disiz
46%
Kery James
45%
Rohff
44%
Akhenaton
43%
Doums
43%
Gringe
41%
Jazzy Bazz
40%
Benjamin Epps
39%
BEN plg
39%
Oxmo Puccino
39%
Siboy
38%
Ateyaba
36%
Doc Gynéco
36%
Seth Gecko
36%
Osirus Jack
33%
YL
33%
Zuukou Mayzie
32%
Zed
31%
Green Montana
30%
Krisy
30%
Deen Burbigo
29%
Mc Solaar
29%
Lesram
28%
Stavo
28%
Lala &ce
25%
Lefa
24%
Ashe 22
23%
Mac Tyer
23%
Mairo
23%
Nessbeal
23%
Rowjay
23%
Tunisiano
23%
HJeuneCrack
22%
NeS
22%
Rounhaa
22%
Slimka
22%
Driver
21%
A2H
18%
Aketo
18%
DTF
18%
Fonky Family
18%
Infinit'
18%
Le Rat Luciano
18%
Prince Waly
18%
Tuerie
18%
Ali
17%
Dany Dan
17%
Ichon
17%
Kenny Arkana
17%
Limsa D'aulnay
16%
ISHA
15%
Luther
15%
Shurik'n
15%
Bu$hi
14%
EDGE
14%
Sérane
14%
Gapman
13%
Gips
13%
Jeune Loup
13%
Lino
13%
Makala
13%
8ruki
11%
Diddy Trix
11%
OldPee
11%
Zequin
11%
Varnish La Piscine
10%
Wit.
10%
Norsacce Berlusconi
9%
Alpha 5.20
8%
Calbo
8%
Ill
8%
Scred Connexion
8%
Zoxea
8%
Casey
7%
Minister A.M.E.R
7%
Salif
6%
Sefyu
6%
Dafliky
5%
Furlax
5%
GATO
5%
Gen
5%
Jwles
5%
Saian Supa Crew
5%
Tedax Max
5%
Kalif Hardcore
3%
Nubi
3%
Ol'Kainry
3%
Sameer Ahmad
3%
Bob Marlich
2%
Faf Larage
2%
JMK$
2%
Mala
2%
TH
2%
Veust
2%
Hifi
1%
Katana
1%
Veerus
1%
Aucun quiz correspondant
Distribution des résultats
% des personnes avec chaque résultat
Percentile par nombre de réponses
Votre historique - résultats
Vous n’avez pas pris ce quiz